نهر النيل / (رقم التسجيلة. 101833)
[ عرض عادي ]
| 000 -LEADER | |
|---|---|
| fixed length control field | 00627nam a22002177a 4500 |
| 005 - DATE AND TIME OF LATEST TRANSACTION | |
| control field | 20251108173340.0 |
| 008 - FIXED-LENGTH DATA ELEMENTS--GENERAL INFORMATION | |
| fixed length control field | 250721s9999 xx 000 0 ara d |
| 020 ## - INTERNATIONAL STANDARD BOOK NUMBER | |
| International Standard Book Number | 9775744938 |
| 082 14 - DEWEY DECIMAL CLASSIFICATION NUMBER | |
| Classification number | ط/ 551.483/صيا |
| 100 1# - MAIN ENTRY--PERSONAL NAME | |
| Personal name | الصياد، هشام |
| 245 10 - TITLE STATEMENT | |
| Title | نهر النيل / |
| 264 1# - PRODUCTION, PUBLICATION, DISTRIBUTION, MANUFACTURE, AND COPYRIGHT NOTICE | |
| Place of production, publication, distribution, manufacture | دسوق : |
| Name of producer, publisher, distributor, manufacturer | مكتبة العلم و الإيمان، |
| 300 ## - PHYSICAL DESCRIPTION | |
| Extent | 16ص. |
| 490 0# - SERIES STATEMENT | |
| Series statement | سر الحياة |
| 650 17 - SUBJECT ADDED ENTRY--TOPICAL TERM | |
| Topical term or geographic name as entry element | الأنهار |
| 650 17 - SUBJECT ADDED ENTRY--TOPICAL TERM | |
| Topical term or geographic name as entry element | نهر النيل |
| 653 ## - INDEX TERM--UNCONTROLLED | |
| Uncontrolled term | أطفال مرحلة متوسطة (6-9 سنوات) |
| 700 1# - ADDED ENTRY--PERSONAL NAME | |
| Personal name | حسين، ياسر |
| Relator term | Cart. |
| 942 ## - ADDED ENTRY ELEMENTS (KOHA) | |
| Source of classification or shelving scheme | Dewey Decimal Classification |
| Koha item type | كتب |
| حالة السحب | حالة الفقدان | مصدر التصنيف | حالة التلف | غير قابل للإعارة | المكتبة الرئيسية | المكتبة الحالية | موقع الرف | تاريخ التزويد | الرقم المتسلسل | Total Checkouts | رقم الإستدعاء | الباركود | تاريخ آخر ظهور | تاريخ الفاتورة | نوع المادة (كوها) |
|---|---|---|---|---|---|---|---|---|---|---|---|---|---|---|---|
| Dewey Decimal Classification | المكتبة المركزية | المكتبة المركزية | الأطفال | 16/11/2011 | 1501929 | ط/ 551.483/صيا | PLD00231056 | 28/07/2025 | 16/11/2011 | كتب | |||||
| Dewey Decimal Classification | المكتبة المركزية | المكتبة المركزية | الأطفال | 16/11/2011 | 1501936 | ط/ 551.483/صيا | PLD00231057 | 28/07/2025 | 16/11/2011 | كتب | |||||
| Dewey Decimal Classification | مكتبة البشائر للأطفال | مكتبة البشائر للأطفال | الأطفال | 16/11/2011 | 1501943 | ط/ 551.483/صيا | PLD00231058 | 28/07/2025 | 16/11/2011 | كتب | |||||
| Dewey Decimal Classification | مكتبة قتيبة للأطفال | مكتبة قتيبة للأطفال | الأطفال | 16/11/2011 | 1501950 | ط/ 551.483/صيا | PLD00231059 | 28/07/2025 | 16/11/2011 | كتب | |||||
| Dewey Decimal Classification | مكتبة أم المؤمنين للأطفال | مكتبة أم المؤمنين للأطفال | الأطفال | 28/07/2025 | 419043 | ط/ 551.483/صيا | 419043 | 28/07/2025 | 28/07/2025 | كتب | |||||
| Dewey Decimal Classification | مكتبة أم المؤمنين للأطفال | مكتبة أم المؤمنين للأطفال | الأطفال | 16/11/2011 | 1501992 | ط/ 551.483/صيا | PLD00231065 | 28/07/2025 | 16/11/2011 | كتب | |||||
| Dewey Decimal Classification | مكتبة البراءة للأطفال | مكتبة البراءة للأطفال | الأطفال | 16/11/2011 | 1501971 | ط/ 551.483/صيا | PLD00231062 | 28/07/2025 | 16/11/2011 | كتب | |||||
| Dewey Decimal Classification | مكتبة البيادر | مكتبة البيادر | الأطفال | 16/11/2011 | 1501985 | ط/ 551.483/صيا | PLD00231064 | 28/07/2025 | 16/11/2011 | كتب | |||||
| Dewey Decimal Classification | مكتبة النصر العامة | مكتبة النصر العامة | الأطفال | 16/11/2011 | 1502027 | ط/ 551.483/صيا | PLD00231070 | 28/07/2025 | 16/11/2011 | كتب | |||||
| Dewey Decimal Classification | مكتبة بدر الجديدة للأطفال | مكتبة بدر الجديدة للأطفال | الأطفال | 16/11/2011 | 1501964 | ط/ 551.483/صيا | PLD00231061 | 28/07/2025 | 16/11/2011 | كتب | |||||
| Dewey Decimal Classification | مكتبة بدر للأطفال | مكتبة بدر للأطفال | الأطفال | 16/11/2011 | 1502006 | ط/ 551.483/صيا | PLD00231067 | 28/07/2025 | 16/11/2011 | كتب | |||||
| Dewey Decimal Classification | مكتبة حمزة العامة | مكتبة حمزة العامة | الأطفال | 11/05/2018 | 1668762 | ط/ 551.483/صيا | PLD00420581 | 28/07/2025 | 11/05/2018 | كتب | |||||
| Dewey Decimal Classification | مكتبة مرج الحمام | مكتبة مرج الحمام | الأطفال | 16/11/2011 | 1501978 | ط/ 551.483/صيا | PLD00231063 | 28/07/2025 | 16/11/2011 | كتب |